| 000 | 00544nam a22001817a 4500 | ||
|---|---|---|---|
| 003 | OSt | ||
| 005 | 20250709015408.0 | ||
| 008 | 250709b |||||||| |||| 00| 0 eng d | ||
| 020 | _a978-971-510-241-4 | ||
| 040 |
_aDWC-Main Lib _cOC |
||
| 082 | _aFil. 243 S169m 2011 | ||
| 100 | _aSan Luis, Fr. Bel SVD | ||
| 245 |
_aMore more stories of life & laughter/ _cFr. Bel San Luis, SVD |
||
| 260 |
_aManila: _bLogos Publishing, Inc., _cc2011. |
||
| 300 |
_a111 pages: _billustrations; _c20cm. |
||
| 490 | _vVolume 4 | ||
| 942 |
_2ddc _cBK - FIL _kFil. _n0 |
||
| 999 |
_c3508 _d3508 |
||